| 000 | 01025nam a22002657a 4500 | ||
|---|---|---|---|
| 003 | OSt | ||
| 005 | 20180911075124.0 | ||
| 008 | 180312b xxu||||| |||| 00| 0 spa d | ||
| 020 | _a9500080370 | ||
| 040 | _cPJ | ||
| 100 |
_91936 _aMaurino, Alberto Luis |
||
| 245 | 1 | 0 |
_aNulidades procesales / _cAlberto Luis Maurino; prólogo de Carlos Eduardo Finochietto. |
| 260 |
_aBuenos Aires : _bAstrea, _c1992. |
||
| 300 |
_axxxii, 283 p. _c23 cm. |
||
| 504 | _aBibliografía: p. 255-259. | ||
| 505 | _aContenido: Demanda -- Notificación -- Prueba -- Juicio ejecutivo -- Subasta judicial. Recurso, incidente, excepción y acción de nulidad -- Efectos de la declaración de nulidad. | ||
| 650 |
_aDERECHO PROCESAL _9267 |
||
| 650 | 0 |
_aACTOS Y DILIGENCIAS PROCESALES _92150 |
|
| 650 | 0 |
_aNULIDAD PROCESAL _92151 |
|
| 650 | 0 |
_aJUICIO EJECUTIVO _92021 |
|
| 650 | 0 |
_aSUBASTA JUDICIAL _92085 |
|
| 650 | 0 |
_aPRUEBA _91975 |
|
| 700 |
_92096 _aFenochietto, Carlos Eduardo _eprologuista |
||
| 942 |
_2udc _cLIB _h347.959 _iMAU |
||
| 999 |
_c1435 _d1435 |
||